000 00676nam a2200205Ii 4500
003 JO-AjNU
008 230605s9999||||xx |||||||||||||| ||und||
040 _aJO-AjNU
_bara
_erda
_cJO-AjNU
041 _aara
050 1 4 _aB945 .J24 Z39 1958
100 3 _aزيدان، محمود,
_eauthor
_937994
245 0 0 _aوليم جيمس
264 3 1 _aالقاهرة:دار المعارف بمصر ، 1958
300 _a245ص
336 _atext
_btxt
_2rdacontent
337 _aunmediated
_bn
_2rdamedia
338 _avolume
_bnc
_2rdacarrier
490 0 _aسلسلة نوابغ الفكر الغربي 10
650 4 _aبراجماتية-جيمس، وليم، 1842-1910م.
_937995
999 _aA15925
_c19493
_d19493